000 00474nam a2200193Ia 4500
005 20250423100239.0
008 250422s9999 xx 000 0 und d
020 _a9780071077750
050 _aTK 1001 .K68/
100 _aKothari, D.P.
245 0 _aModern power system analysis
250 _a4th ed.
260 _aNew Delhi
260 _bTata McGraw Hill Eduction Private
260 _c2022
300 _a681 p
650 _aElectric power systems.
942 _cBK
999 _c32725
_d32725